Strength of Materials (Mechanics of Solids) (Record no. 861)

MARC details
000 -LEADER
fixed length control field 00368nam a2200145Ia 4500
008 - FIXED-LENGTH DATA ELEMENTS--GENERAL INFORMATION
fixed length control field 191201s2005 xx 000 0 und d
082 ## - DEWEY DECIMAL CLASSIFICATION NUMBER
Classification number 620.112
Item number KHS
100 ## - MAIN ENTRY--PERSONAL NAME
Personal name KHURMI, R S
245 #0 - TITLE STATEMENT
Title Strength of Materials (Mechanics of Solids)
250 ## - EDITION STATEMENT
Edition statement 1st Rep
260 ## - PUBLICATION, DISTRIBUTION, ETC. (IMPRINT)
Place of publication, distribution, etc N.Delhi
Name of publisher, distributor, etc S Chand and Co. Ltd.
Date of publication, distribution, etc 2005
300 ## - PHYSICAL DESCRIPTION
Extent 765
650 ## - SUBJECT ADDED ENTRY--TOPICAL TERM
Topical term or geographic name as entry element B.Tech(ME)
942 ## - ADDED ENTRY ELEMENTS (KOHA)
Source of classification or shelving scheme Dewey Decimal Classification
Koha item type Text Books
Holdings
Withdrawn status Lost status Source of classification or shelving scheme Damaged status Not for loan Collection code Home library Current library Date acquired Source of acquisition Cost, normal purchase price Bill Number Total Checkouts Full call number Acc. no. / Barcode Date last seen Bill Date Koha item type Checked out Date last borrowed
    Dewey Decimal Classification     B.Tech(ME) PIET C-LIBRARY PIET C-LIBRARY 08/08/2006 M/s UBS Publishers, New Delhi 240.00 125415   620.112 KHS 378 04/12/2019 18/08/2005 Text Books    
    Dewey Decimal Classification     B.Tech(ME) PIET C-LIBRARY PIET C-LIBRARY 08/08/2006 M/s UBS Publishers, New Delhi 240.00 125415 1 620.112 KHS 379 22/10/2020 18/08/2005 Text Books 05/11/2020 22/10/2020
    Dewey Decimal Classification     B.Tech(ME) PIET C-LIBRARY PIET C-LIBRARY 08/08/2006 M/s UBS Publishers, New Delhi 240.00 125415 2 620.112 KHS 380 01/01/2020 18/08/2005 Text Books   20/12/2019
    Dewey Decimal Classification     B.Tech(ME) PIET C-LIBRARY PIET C-LIBRARY 08/08/2006 M/s UBS Publishers, New Delhi 240.00 125415   620.112 KHS 381 04/12/2019 18/08/2005 Text Books    

Design & Developed by: PIET Central Library
R70 Miles Stone Pattikalyana Samalkha Panipat 132102
mail ID :- [email protected], Phone No:- 0180-2569700 Ex.216